Heavy Metals in the Environment / (Record no. 13760)
[ view plain ]
| 000 -LEADER | |
|---|---|
| fixed length control field | 02881cam a2200313 a 4500 |
| 001 - CONTROL NUMBER | |
| control field | 15558630 |
| 005 - DATE AND TIME OF LATEST TRANSACTION | |
| control field | 20091209201150.0 |
| 008 - FIXED-LENGTH DATA ELEMENTS--GENERAL INFORMATION | |
| fixed length control field | 081216s2009 flua |rb 001 0 eng |
| 010 ## - LIBRARY OF CONGRESS CONTROL NUMBER | |
| LC control number | 2008053175 |
| 020 ## - INTERNATIONAL STANDARD BOOK NUMBER | |
| International Standard Book Number | 9781420073164 |
| 020 ## - INTERNATIONAL STANDARD BOOK NUMBER | |
| International Standard Book Number | 1420073168 |
| 035 ## - SYSTEM CONTROL NUMBER | |
| System control number | (OCoLC)ocn226357471 |
| 040 ## - CATALOGING SOURCE | |
| Original cataloging agency | DLC |
| Transcribing agency | DLC |
| Modifying agency | BTCTA |
| -- | BAKER |
| -- | YDXCP |
| -- | C#P |
| -- | OCLCA |
| -- | CDX |
| -- | BWX |
| -- | PMC |
| -- | DLC |
| 050 00 - LIBRARY OF CONGRESS CALL NUMBER | |
| Classification number | TD196.M4 |
| Item number | H4325 2009 |
| 082 00 - DEWEY DECIMAL CLASSIFICATION NUMBER | |
| Classification number | 628.52 |
| Edition number | 22 |
| Item number | MET |
| 245 00 - TITLE STATEMENT | |
| Title | Heavy Metals in the Environment / |
| Statement of responsibility, etc | edited by Lawrence K. Wang ... [et al.]. |
| 260 ## - PUBLICATION, DISTRIBUTION, ETC. (IMPRINT) | |
| Place of publication, distribution, etc | Boca Raton : |
| Name of publisher, distributor, etc | CRC Press, 2009 |
| Date of publication, distribution, etc | c2009. |
| 300 ## - PHYSICAL DESCRIPTION | |
| Extent | xii, 514 p. : |
| Other physical details | ill. ; |
| Dimensions | 27 cm. |
| 490 1# - Series Statement | |
| Series statement | Advances in Industrial and Hazardous Wastes Treatment Series |
| 504 ## - BIBLIOGRAPHY, ETC. NOTE | |
| Bibliography, etc | Includes bibliographical references and index. |
| 505 0# - FORMATTED CONTENTS NOTE | |
| Formatted contents note | Metal research trends in the environmental field / Yuh-Shan Ho and Mohammad I. El-Khaiary -- Toxicity and sources of Pb, Cd, Hg, Cr, As, and radionuclides in the environment / Ghinwa M. Naja and Bohumil Volesky -- Environmental behavior and effects of engineered metal and metal oxide nanoparticles / Bernd Nowack -- Heavy metal removal with exopolysaccharide-producing cyanobacteria / Roberto De Philippis and Ernesto Micheletti -- Environmental geochemistry of high-arsenic aquifer systems / Yanxin Wang and Yamin Deng -- Nanotechnology application in metal ion adsorption / Xiangke Wang and Changlun Chen -- Biosorption of metals onto granular sludge / Shu Guang Wang ... [et al.] -- Arsenic pollution : occurrence, distribution, and technologies / Huijuan Liu ... [et al.] -- Treatment of metal-bearing effluents : removal and recovery / Ghinwa M. Naja and Bohumil Volesky -- Management and treatment of acid pickling wastes containing heavy metals / Lawrence K. Wang, Veysel Eroglu, and Ferruh Erturk -- Treatment and management of metal finishing industry wastes / Nazih K. Shammas and Lawrence K. Wang -- Recycling and disposal of hazardous solid wastes containing heavy metals and other toxic substances / Lawrence K. Wang -- Management and removal of heavy metals from contaminated soil ; Remediation of metal finishing brownfield sites / Nazih K. Shammas -- Control, management, and treatment of metal emissions from motor vehicles / Rajasekhar Balasubramanian, Jun He, and Lawrence K. Wang. |
| 650 #0 - SUBJECT ADDED ENTRY--TOPICAL TERM | |
| Topical term or geographic name as entry element | Heavy metals |
| General subdivision | Environmental aspects. |
| 9 (RLIN) | 13038 |
| 700 1# - ADDED ENTRY--PERSONAL NAME | |
| Personal name | Wang, Lawrence K. |
| 9 (RLIN) | 13039 |
| 830 #0 - SERIES ADDED ENTRY--UNIFORM TITLE | |
| Uniform title | Advances in industrial and hazardous wastes treatment series. |
| 9 (RLIN) | 13040 |
| 856 42 - ELECTRONIC LOCATION AND ACCESS | |
| Materials specified | Publisher description |
| Uniform Resource Identifier | <a href="http://www.loc.gov/catdir/enhancements/fy0904/2008053175-d.html">http://www.loc.gov/catdir/enhancements/fy0904/2008053175-d.html</a> |
| 942 ## - ADDED ENTRY ELEMENTS (KOHA) | |
| Source of classification or shelving scheme | Dewey Decimal Classification |
| Item type | Book - Borrowing |
| Withdrawn status | Item status | Source of classification or shelving scheme | Damaged status | Not for loan | Vendor | Home library | Current library | Shelving location | Date acquired | Source of acquisition | Cost, normal purchase price | Serial Enumeration / chronology | Total Checkouts | Total Renewals | Full call number | Barcode | Date last seen | Date last borrowed | Koha item type |
|---|---|---|---|---|---|---|---|---|---|---|---|---|---|---|---|---|---|---|---|
| Dewey Decimal Classification | Alahram | Central Library | Central Library | First floor | 23/03/2010 | 646.50 | 27 | 2 | 30 | 628.52 MET | 000018377 | 15/07/2025 | 05/10/2016 | Book - Borrowing |